[Event "Challenge"]
[Site "http://www.queenalice.com/game.php?id=420956"]
[Date "2008.6.21"]
[Round "-"]
[White "Virgilio"]
[Black "menocchio"]
[Result "1-0"]
[WhiteElo "2179"]
[BlackElo "1595"]

1. d4 Nf6 2. c4 g6 3. Nc3 e6 4. e4 d5 5. e5 Ne4 6. c5 Nc6 7. Bb5 Bd7 8. Nf3 a6
9. Ba4 b5 10. Bc2 Bg7 11. Nxe4 dxe4 12. Bxe4 O-O 13. Ng5 f5 14. Bxc6 Bxc6 15.
Nxe6 Bxg2 16. Nxd8 Bxh1 17. Ne6 Rf7 18. f3 Bg2 19. Kf2 Re7 20. Nxg7 Bxf3 21.
Qxf3 Rxg7 22. Qxa8+ Kf7 23. Bh6 Rg8 24. Qd5+ Ke7 25. Bg5+ Kf8 26. Qd8+ Kg7 27.
Qf6# 1-0

[Event "Challenge"]
[Site "http://www.queenalice.com/game.php?id=420957"]
[Date "2008.6.21"]
[Round "-"]
[White "menocchio"]
[Black "Virgilio"]
[Result "0-1"]
[WhiteElo "1593"]
[BlackElo "2182"]

1. Nf3 Nf6 2. d4 d5 3. g3 h6 4. Bg2 Bf5 5. Bf4 Nc6 6. a3 e6 7. Nc3 a6 8. b4 Bd6
9. Qd2 Ne4 10. Qe3 Bxf4 11. Qxf4 Nxc3 12. O-O Nxe2+ 13. Kh1 Nxf4 14. gxf4 Bxc2
15. Rac1 Be4 16. Ne5 Bxg2+ 17. Kxg2 Nxd4 18. Kh1 Ne2 19. Rce1 Nxf4 20. Rg1 Qh4
21. Nf3 Qxf2 22. Rxg7 Qxf3+ 23. Kg1 Nh3# 0-1

[Event "Challenge"]
[Site "http://www.queenalice.com/game.php?id=420958"]
[Date "2008.6.21"]
[Round "-"]
[White "Virgilio"]
[Black "menocchio"]
[Result "1-0"]
[WhiteElo "2186"]
[BlackElo "1576"]

1. e4 c5 2. c4 Nc6 3. Nc3 e6 4. Nf3 b6 5. g3 Bb7 6. Bg2 g6 7. d3 Bg7 8. Nb5 d5
9. cxd5 exd5 10. exd5 Qe7+ 11. Qe2 Qxe2+ 12. Kxe2 Nb4 13. Nc7+ Ke7 14. Nxa8 Bxa8
15. Ng5 Bxd5 16. Bxd5 Nxd5 17. Re1 Ngf6 18. Kf3+ Kf8 19. Bd2 Nd7 20. Rab1 Ne5+
21. Ke4 Nb4 22. Bxb4 cxb4 23. f4 Bf6 24. Nxh7+ Rxh7 25. fxe5 Be7 26. Re2 a5 27.
Rc1 f5+ 28. exf6 Bxf6 29. Rc8+ Kg7 30. Rb8 Kh6 31. b3 Re7+ 32. Kf3 Rd7 33. Rxb6
Rxd3+ 34. Ke4 Rd4+ 35. Ke3 Bg7 36. Rb5 Rg4 37. Rxa5 Bd4+ 38. Kf3 Rg5 39. Rxg5
Kxg5 40. h3 Bf6 41. Ke4 Kh5 42. Kd5 Bg7 43. Ke6 Bf8 44. Kf6 Bd6 45. Re8 Be5+ 46.
Kxe5 Kg5 47. Rf8 Kh5 48. Kf6 g5 49. Rh8# 1-0

[Event "...tentando denovo..."]
[Site "http://www.queenalice.com/game.php?id=434581"]
[Date "2008.7.17"]
[Round "-"]
[White "manica76"]
[Black "Virgilio"]
[Result "0-1"]
[WhiteElo "1429"]
[BlackElo "2178"]

1. e4 e5 2. Nf3 Nc6 3. Bc4 Nf6 4. d3 h6 5. a3 a6 6. b4 d6 7. Nc3 Bg4 8. Be3 Be7
9. Qd2 Bxf3 10. gxf3 Nh5 11. Rg1 g5 12. O-O-O Qd7 13. Nd5 f5 14. Nxe7 Nxe7 15.
Qc3 O-O-O 16. Kd2 Rhf8 17. h4 f4 18. Bb6 Nc6 19. Ba5 Qe7 20. Rg4 Nf6 21. Rg2 Nd4
22. hxg5 hxg5 23. Rxg5 Nxf3+ 24. Kc1 Nxg5 25. d4 Nfxe4 26. Qe1 d5 27. Bd3 Nf3
28. Qe2 Nxd4 29. Qg4+ Qd7 30. Qxd7+ Rxd7 31. Rg1 Nxf2 32. Bf1 e4 33. b5 Nxb5 34.
Bxb5 axb5 35. Rg2 e3 36. Kb2 f3 37. c4 fxg2 0-1

[Event "Challenge"]
[Site "http://www.queenalice.com/game.php?id=447546"]
[Date "2008.8.12"]
[Round "-"]
[White "GuilhermeEhlers"]
[Black "Virgilio"]
[Result "0-1"]
[WhiteElo "1792"]
[BlackElo "2180"]

1. e4 e5 2. Bc4 Bc5 3. Qh5 Qe7 4. d3 h6 5. Nf3 d6 6. Bg5 Nf6 7. Nc3 Nxh5 8. Bxe7
Kxe7 9. Nd5+ Kd8 10. h3 c6 11. Nc3 Nf4 12. O-O Be6 13. Bxe6 Nxe6 14. a3 Nd7 15.
Ne2 Nd4 16. Nfxd4 Bxd4 17. c3 Bb6 18. Rad1 Kc7 19. d4 exd4 20. cxd4 Rhe8 21. f3
Rad8 22. Ng3 g6 23. Rd3 c5 24. d5 c4+ 25. Re3 Bxe3+ 26. Kh1 b5 27. Re1 Bf2 28.
Rc1 Bxg3 29. b3 Nb6 30. Kg1 Kb7 31. bxc4 Nxc4 0-1

[Event "Não custa tentar denovo..."]
[Site "http://www.queenalice.com/game.php?id=456786"]
[Date "2008.9.1"]
[Round "-"]
[White "manica76"]
[Black "Virgilio"]
[Result "0-1"]
[WhiteElo "1464"]
[BlackElo "2181"]

1. e4 e5 2. d3 Bc5 3. g3 d6 4. Bg2 Nf6 5. Bg5 h6 6. Bh4 g5 7. Bxg5 hxg5 8. Nf3
Ng4 9. Qd2 Bxf2+ 10. Ke2 Be3 11. Qc3 Bb6 12. Nbd2 Nc6 13. b4 Nd4+ 14. Kd1 Nf2+
15. Ke1 Nxh1 16. Bxh1 Nxf3+ 17. Nxf3 g4 18. Nh4 Rxh4 19. gxh4 Qxh4+ 20. Kf1 Qf2#
0-1

[Event "Challenge"]
[Site "http://www.queenalice.com/game.php?id=457442"]
[Date "2008.9.2"]
[Round "-"]
[White "ekup"]
[Black "Virgilio"]
[Result "0-1"]
[WhiteElo "1826"]
[BlackElo "2188"]

1. e4 e5 2. Nf3 Nc6 3. Bc4 Bc5 4. O-O Nf6 5. d3 h6 6. a3 a6 7. Be3 Ba7 8. Nc3 d6
9. h3 Be6 10. Nd5 O-O 11. Qe1 Nh7 12. c3 Ne7 13. d4 exd4 14. Bxd4 Nc6 15. Rd1
Nxd4 16. Nxd4 c6 17. Ne3 Qe7 18. Be2 Ng5 19. Bd3 Rad8 20. f4 Nh7 21. f5 Bc8 22.
Nf3 Bxf5 23. Nd2 Be6 24. Kh1 Nf6 25. Nf3 Nd7 26. Nd4 Ne5 27. Bc2 Bxd4 28. cxd4
Nc4 29. Nxc4 Bxc4 30. Rf2 f6 31. b3 Be6 32. Rdd2 Kh8 33. Qe3 Bg8 34. Rf4 d5 35.
e5 fxe5 36. dxe5 Qxa3 37. Rdf2 Rxf4 38. Qxf4 Qe7 39. Qf5 Re8 40. Re2 Qf7 41. Qg4
Bh7 42. e6 Qf6 43. Qh5 Rxe6 44. Bxh7 Qf1+ 45. Kh2 Rxe2 46. Qg4 Kxh7 0-1

[Event "Challenge"]
[Site "http://www.queenalice.com/game.php?id=459118"]
[Date "2008.9.6"]
[Round "-"]
[White "Virgilio"]
[Black "GuilhermeEhlers"]
[Result "1-0"]
[WhiteElo "2187"]
[BlackElo "1790"]

1. e4 e5 2. Nf3 Nc6 3. Bc4 Nf6 4. Ng5 d5 5. exd5 Nxd5 6. Nxf7 Kxf7 7. Qf3+ Ke6
8. Nc3 Nb4 9. Qe4 c6 10. a3 Na6 11. d4 Bd6 12. Nxd5 cxd5 13. Qxd5+ Kd7 14. Bxa6
exd4 15. Bb5+ Kc7 16. O-O Qh4 17. g3 Qg4 18. Bd2 Be6 19. Ba5+ b6 20. Qc6+ Kb8
21. Qxd6+ Kb7 22. Qc6+ Kb8 23. Ba6 Bc8 24. Qd6# 1-0

[Event "...no feijão com arroz...sem in"]
[Site "http://www.queenalice.com/game.php?id=460151"]
[Date "2008.9.8"]
[Round "-"]
[White "manica76"]
[Black "Virgilio"]
[Result "0-1"]
[WhiteElo "1450"]
[BlackElo "2183"]

1. e4 e5 2. Bc4 Nf6 3. d3 h6 4. Na3 Bc5 5. c3 d6 6. Qb3 O-O 7. Nf3 Nc6 8. Qc2 a6
9. h3 Be6 10. Bxe6 fxe6 11. b4 Ba7 12. O-O Nh5 13. Be3 Nf4 14. Bxa7 Nxa7 15. Nc4
Nxh3+ 16. Kh2 Ng5 17. Rh1 Nxf3+ 18. gxf3 Rxf3 19. Kg2 Qf6 20. Kf1 Rf8 21. Re1
Rxf2+ 22. Kg1 Qg5# 0-1

[Event "...agora vai nº XXVII..."]
[Site "http://www.queenalice.com/game.php?id=466912"]
[Date "2008.9.22"]
[Round "-"]
[White "manica76"]
[Black "Virgilio"]
[Result "0-1"]
[WhiteElo "1448"]
[BlackElo "2185"]

1. e4 e5 2. Bc4 Bc5 3. Nf3 Nc6 4. c3 d6 5. b4 Bb6 6. Na3 Bg4 7. Qa4 Ne7 8. h3
Bd7 9. Qb3 O-O 10. Bb2 h6 11. Bb5 a6 12. Bxc6 Nxc6 13. Nc4 Ba7 14. Na5 Nxa5 15.
bxa5 b5 16. axb6 Bxb6 17. d4 exd4 18. cxd4 Kh8 19. O-O f5 20. e5 Bb5 21. d5 Bxf1
22. Rxf1 dxe5 23. Bxe5 Rb8 24. Qc3 Rf7 25. Rd1 Rd7 26. g3 Qe7 27. a4 a5 28. h4
Rbd8 29. Re1 Qf7 30. Nd4 Bxd4 31. Qxd4 Rxd5 32. Qa1 R8d7 33. Kg2 Rd2 34. Bc3
Qd5+ 35. Kh3 Rxf2 36. Bf6 Qg2# 0-1

[Event "...denovo XXVIII..."]
[Site "http://www.queenalice.com/game.php?id=476700"]
[Date "2008.10.13"]
[Round "-"]
[White "manica76"]
[Black "Virgilio"]
[Result "0-1"]
[WhiteElo "1472"]
[BlackElo "2189"]

1. e4 e5 2. Bc4 Bc5 3. Qe2 d6 4. d3 h6 5. Be3 Bb6 6. Nf3 Bg4 7. Nbd2 Nf6 8. h3
Bh5 9. a4 Nc6 10. b3 Nb4 11. Rc1 Na2 12. Rd1 Nc3 13. Qf1 Nxd1 14. Kxd1 d5 15.
exd5 Nxd5 16. Bxb6 Nxb6 17. Kc1 Nxc4 18. bxc4 Qd6 19. Qe1 f6 20. Qe4 Qa3+ 21.
Kb1 O-O 22. Ng1 Qxa4 23. Ne2 b5 24. Nc3 Qb4+ 25. Nb3 Qxc3 26. cxb5 Bf7 27. Rc1
Bxb3 28. f4 Bf7 29. f5 Rfb8 30. Qc6 Qb4+ 31. Ka1 Qa3+ 32. Kb1 Qa2# 0-1

[Event "...denovo XXIIIX... "]
[Site "http://www.queenalice.com/game.php?id=488367"]
[Date "2008.11.5"]
[Round "-"]
[White "manica76"]
[Black "Virgilio"]
[Result "0-1"]
[WhiteElo "1489"]
[BlackElo "2190"]

1. e4 e5 2. Bc4 Bc5 3. Qe2 Nf6 4. c3 d6 5. Nf3 Bg4 6. b4 Bb6 7. Na3 O-O 8. Bd5
c6 9. Bb3 d5 10. exd5 e4 11. dxc6 Nxc6 12. Rg1 exf3 13. gxf3 Re8 14. fxg4 Rxe2+
15. Kxe2 Qd7 16. g5 Re8+ 17. Kd1 Ne4 18. d4 Nxc3+ 19. Kc2 Re2+ 20. Bd2 Qxd4 21.
Nc4 Nxb4+ 22. Kc1 Qxf2 23. Kb2 Nbd5 24. Kc2 Be3 25. Kb2 Rxd2+ 26. Bc2 Rxc2+ 27.
Kb3 Rxa2 28. g6 Qc2# 0-1

[Event "Challenge"]
[Site "http://www.queenalice.com/game.php?id=490582"]
[Date "2008.11.9"]
[Round "-"]
[White "Virgilio"]
[Black "butanito"]
[Result "0-1"]
[WhiteElo "2126"]
[BlackElo "2186"]

1. e4 c5 2. Nf3 d6 3. Bb5+ Bd7 4. Bxd7+ Nxd7 5. O-O Ngf6 6. Qe2 e6 7. b3 Be7 8.
Bb2 O-O 9. c4 a6 10. h3 Qa5 11. Bc3 Qc7 12. d4 cxd4 13. Nxd4 Rfe8 14. Nd2 d5 15.
e5 Qxe5 16. Qxe5 Nxe5 17. Nxe6 Bd6 18. Nd4 Rad8 19. Ba5 Rd7 20. cxd5 Nxd5 21.
N2f3 b6 22. Bd2 Nd3 23. Ne1 Nc5 24. Nef3 Ne4 25. Rfe1 Bc5 26. Re2 Kf8 27. Rae1
Ndf6 28. Be3 Nc3 29. Rc2 Ncd5 30. Nf5 Nxe3 31. Nxe3 Rde7 32. Kf1 Bxe3 33. Rxe3
Rxe3 34. fxe3 Nd5 35. Kf2 Nxe3 36. Rd2 Nf5 37. Rd5 g6 38. Ne1 h5 39. Rd7 h4 40.
Rc7 Ng3 41. Rc2 Ne4+ 42. Kf1 g5 43. Nf3 Kg7 44. Nd4 Rd8 45. Nf3 Rd6 46. Ke2 Kf6
47. Ke3 Ng3 48. Rf2 Nf5+ 49. Ke4 Re6+ 50. Kd3 Kg6 51. Nd2 Ng3 52. Nf3 Nf5 53.
Nd2 Rd6+ 54. Ke2 Nd4+ 55. Kd1 Ne6 56. Ke1 Nf4 57. Nc4 Re6+ 58. Kd2 b5 59. Ne3
Rd6+ 60. Kc2 Rc6+ 61. Kd2 f5 62. Nc2 Rd6+ 63. Kc3 Rd3+ 64. Kb4 Rg3 65. Ne1 Re3
66. Nc2 Rg3 67. Ne1 Nd3+ 68. Nxd3 Rxd3 69. a4 bxa4 70. bxa4 Rd5 71. Kc4 Re5 72.
Rd2 Re4+ 73. Kb3 Re6 74. Ra2 g4 0-1

[Event "...denovo XXX... "]
[Site "http://www.queenalice.com/game.php?id=495303"]
[Date "2008.11.19"]
[Round "-"]
[White "Virgilio"]
[Black "manica76"]
[Result "1-0"]
[WhiteElo "2192"]
[BlackElo "1487"]

1. e4 e5 2. f4 d6 3. Nf3 Nf6 4. fxe5 Nxe4 5. exd6 cxd6 6. Bb5+ Nc6 7. Qe2 d5 8.
d3 a6 9. Bxc6+ bxc6 10. dxe4 Be7 11. exd5 Qxd5 12. O-O O-O 13. Qxe7 g6 14. Qf6
Qc5+ 15. Kh1 Qxc2 16. Bh6 Qxb2 17. Qxb2 f6 18. Qb3+ Rf7 19. Ng5 fxg5 20. Qxf7+
1-0

[Event "Amigos do Mânic"]
[Site "http://www.queenalice.com/game.php?id=501779"]
[Date "2008.12.2"]
[Round "2"]
[White "Virgilio"]
[Black "manica76"]
[Result "1-0"]
[WhiteElo "2193"]
[BlackElo "1470"]

1. e4 e5 2. f4 d6 3. f5 Nf6 4. Nc3 c6 5. d3 Nbd7 6. Bg5 Be7 7. Nf3 Qb6 8. Qc1
Ng4 9. Nd1 f6 10. Bh4 c5 11. h3 Nh6 12. Nc3 Qa5 13. Be2 b5 14. Qd2 Nb6 15. g4 b4
16. Nd1 Na4 17. a3 Bd7 18. axb4 cxb4 19. b3 d5 20. exd5 Qb6 21. bxa4 Rc8 22. Nb2
O-O 23. Nc4 Rxc4 24. dxc4 b3 25. Rb1 Bb4 26. c3 Ba5 27. Bf2 Qb8 28. d6 Nf7 29.
c5 Bxa4 30. Bc4 Re8 31. O-O e4 32. Nd4 e3 33. Bxe3 Rxe3 34. Qxe3 b2 35. Rxb2
Qxb2 36. Qe7 h6 37. Qxf7+ Kh7 38. Qg8# 1-0

[Event "Amigos do Mânic"]
[Site "http://www.queenalice.com/game.php?id=517638"]
[Date "2009.1.5"]
[Round "3"]
[White "menocchio"]
[Black "Virgilio"]
[Result "0-1"]
[WhiteElo "1625"]
[BlackElo "2194"]

1. d4 d5 2. Bf4 Nc6 3. Nf3 Bf5 4. Nc3 Nf6 5. g3 h6 6. a3 e6 7. Bg2 Bd6 8. O-O
Bxf4 9. gxf4 Nh7 10. Ne5 Nxe5 11. dxe5 g5 12. Qd4 Rg8 13. e4 gxf4 14. f3 Bh3 15.
Rf2 Qg5 16. Qd2 d4 17. Nb5 Qxe5 18. Qxd4 Qxb5 19. b4 Rd8 20. Qxa7 Bxg2 21. Rxg2
Rxg2+ 22. Kxg2 Qe2+ 23. Qf2 Qxf2+ 24. Kxf2 Rd2+ 25. Ke1 Rxh2 26. Ra2 Ng5 27. Kf1
Nxf3 28. a4 Nd4 0-1

[Event "Challenge"]
[Site "http://www.queenalice.com/game.php?id=550769"]
[Date "2009.3.5"]
[Round "-"]
[White "Meirebel"]
[Black "Virgilio"]
[Result "1-0"]
[WhiteElo "2199"]
[BlackElo "2103"]

1. e4 e5 2. Nf3 Nc6 3. Bb5 Bc5 4. O-O d6 5. c3 a6 6. Bxc6+ bxc6 7. d4 exd4 8.
cxd4 Bb6 9. Nc3 h6 10. d5 Bd7 11. Re1 Ne7 12. Be3 Bxe3 13. Rxe3 O-O 14. Qd3 Ng6
15. Ree1 Re8 16. Rab1 Qf6 17. dxc6 Nf4 18. Nd5 Nxd3 19. Nxf6+ gxf6 20. cxd7 Re7
21. Re3 Ne5 22. Nxe5 fxe5 23. Rc1 Rxd7 24. Rb3 Ra7 25. Rb8+ Kh7 26. Rc6 f6 27.
f3 Kg6 28. b4 f5 29. a3 fxe4 30. fxe4 Rf7 31. Rc3 Rf4 32. Rg3+ Kh5 33. Rbg8 Rh4
34. Rf3 Rg4 35. Rh3+ 1-0

[Event "Challenge"]
[Site "http://www.queenalice.com/game.php?id=550823"]
[Date "2009.3.5"]
[Round "-"]
[White "Virgilio"]
[Black "Meirebel"]
[Result "0-1"]
[WhiteElo "2092"]
[BlackElo "2208"]

1. e4 e5 2. Nf3 Nc6 3. Bc4 Bc5 4. O-O d6 5. h3 Nf6 6. d3 Na5 7. Bb3 Nxb3 8. axb3
O-O 9. Bg5 Bd7 10. Nc3 c6 11. Na4 Bb4 12. c3 Ba5 13. b4 Bc7 14. c4 a5 15. bxa5
Bxa5 16. Bd2 b5 17. cxb5 cxb5 18. Nc3 b4 19. Na2 Rb8 20. b3 h6 21. Be3 Bb5 22.
Qb1 Qd7 23. Nd2 d5 24. Nc1 Ra8 25. f3 Qc7 26. Re1 Rfc8 27. d4 exd4 28. Bxd4 Bb6
0-1

[Event "Challenge"]
[Site "http://www.queenalice.com/game.php?id=552516"]
[Date "2009.3.8"]
[Round "-"]
[White "Virgilio"]
[Black "menocchio"]
[Result "0-1"]
[WhiteElo "2195"]
[BlackElo "1663"]

1. e4 Nc6 2. d4 e5 3. dxe5 d6 4. exd6 Bxd6 5. h3 Qh4 6. Bd3 Nf6 7. Nf3 Qh5 8. a3
Be6 9. Nc3 O-O 10. Be3 Rad8 0-1

[Event "Challenge"]
[Site "http://www.queenalice.com/game.php?id=552517"]
[Date "2009.3.8"]
[Round "-"]
[White "Virgilio"]
[Black "menocchio"]
[Result "0-1"]
[WhiteElo "2149"]
[BlackElo "1723"]

1. d4 d5 2. Nc3 Nf6 3. Bg5 e6 4. e3 Be7 5. Nf3 Nc6 6. Bb5 Bd7 7. a3 h6 8. Bh4 a6
9. Ba4 Ne4 10. Nxe4 dxe4 0-1